A dictionary of new english
Saved in:
| Main Authors: | , , |
|---|---|
| Format: | Bog |
| Sprog: | engelsk |
| Udgivet: |
Londres
Longman
1973
|
| Fag: | |
| Tags: |
Tilføj Tag
Ingen Tags, Vær først til at tagge denne postø!
|
MARC
| LEADER | 00000nam a2200000 a 4500 | ||
|---|---|---|---|
| 001 | UCR6823 | ||
| 003 | CL-VaPUC | ||
| 008 | 980423e19730000UK |||||||||||||||||eng|d | ||
| 082 | 0 | 4 | |a 423 |b BAR |2 21 |
| 100 | 0 | |a Barnhart, Clarence L |e author |9 407986 | |
| 700 | 0 | |a Steinmetz, Sol |e author |9 407987 | |
| 700 | 0 | |a Barnhart, Robert K |e author |9 407988 | |
| 245 | 1 | 2 | |a A dictionary of new english |
| 300 | |a 512 p | ||
| 942 | |c BK | ||
| 945 | |d 19980423 00:00:00 |a lriquelm | ||
| 260 | |a Londres |b Longman |c 1973 | ||
| 650 | 0 | |a Diccionarios |9 256200 | |
| 650 | 0 | |a Inglés |9 260023 | |
| 650 | 7 | |a TERMINOLOGIA |2 CL-VaPUC |9 254881 | |
| 650 | 0 | |a Glosarios |9 261047 | |
| 583 | |a last modification |c 19980423 00:00:00 |k Rodrigo Vera | ||
| 999 | |c 268729 |d 268727 | ||
| 952 | |0 0 |1 0 |4 0 |6 423_000000000000000_BAR_1973 |7 0 |8 X |9 302012 |a BIBEDU |b BIBEDU |d 2019-11-20 |i 1983083 |o 423 BAR 1973 |p 1983083 |r 2023-01-13 |w 2019-11-20 |y BK_X |k LIT | ||
| 952 | |0 0 |1 0 |4 0 |6 423_000000000000000_BAR_1973 |7 0 |8 X |9 302013 |a BIBEDU |b BIBEDU |d 2019-11-20 |i 1983032 |o 423 BAR 1973 |p 1983032 |r 2023-01-13 |w 2019-11-20 |y BK_X |k LIT | ||